General Knowledge— Italy - Statistics

General Stats
  • This quiz has been taken 161 times
    101 since last reset
  • The average score is 8 of 15
Answer Stats
Hint Answer % Correct
Romeo & Juliet city Verona
80%
Oldest university in the world Bologna
75%
Largest ancient amphitheater Colosseum
73%
Longest river in Italy Po
70%
Italian racecar designer Enzo _______ Ferrari
69%
Tiny cliffside country inside Italy San Marino
68%
Roman pasta dish with eggs and cheese Carbonara
65%
Most populous region of Italy Lombardy
64%
The largest museum in Florence Uffizi
56%
The mafia of Sicily Cosa Nostra
39%
"Queen of the Adriatic" Venice
39%
Composer of Il Travatore and La Traviata Verdi
38%
Campanian city famous for its lemons Sorrento
31%
Smallest region of Italy Aosta
28%
The "heel" of Italy Apulia
25%
No matching quizzes found
Score Distribution
Percent of People with Each Score
Percentile by Number Answered
Your Score History
You have not taken this quiz since the last reset